| 000 | 00643 a2200205 4500 | ||
|---|---|---|---|
| 001 | 62618 | ||
| 005 | 20260407155919.0 | ||
| 008 | 260407a1984 arg spa d | ||
| 003 | AR-UNSa-BCEJYS | ||
| 040 |
_aAR-UNSa-BCEJYS _bspa _cAR-UNSa-BCEJYS |
||
| 080 |
_a35(73) _xAdministración Pública de Estados Unidos |
||
| 245 | 1 | 0 | _aLa función pública superior en Estados Unidos |
| 020 | _a84-7351-051-6 | ||
| 264 | 1 |
_aMadrid : _bInstituto Nacional de Administración Pública (INAP) _c1984 |
|
| 300 |
_axvii, 310 p. _c19 cm. |
||
| 041 | _aspa | ||
| 942 | _cBK | ||
| 590 | _aniveau_biblio:m niveau_hierar:0 | ||
| 100 | 1 | _aCruz Ferrer, Juan de la | |
| 999 |
_c7718 _d7718 |
||